LEADER 01213nam a2200265 i 4500 001 000000013173 003 CaOOAMICUS 005 20250717162550.0 008 180830n1971 it u000 u ita u 040 $aSeMil$bita 100 1 $aMill, John Stuart,$d<1806-1873>.$0(OLS)http://semarc/name/6198 245 10$aPrincipi di economia politica /$cJohn Stuart Mill ; a cura di Bianca Maria Fontana ; introduzione di Giacomo Becattini. 264 1$aTorino :$bUnione Tipografico-Editrice Torinese,$c1971. 300 $a2 v. ;$c24 cm. 490 1 $aClassici dell'economia 650 4$aEconomia politica.$0(OLS)http://semarc/subject/5038 650 4$aEconomia - Teorie.$0(OLS)http://semarc/subject/880 700 1 $aBecattini, Giacomo,$d<1927-2017>.$0(OLS)http://semarc/name/6289 700 1 $aFontana, Bianca Maria.$0(OLS)http://semarc/name/6288 774 0 $tVol. 1.$z88-02-03867-8$w()61072 774 0 $tVol. 2.$z88-02-03867-8$w()136365 830 0$aClassici dell'economia .$0(OLS)http://semarc/title/503 996 $6245$aPrincipi di economia politica$9(OLS)http://semarc/title/95887 996 $6264$aTorino :$bUnione Tipografico-Editrice Torinese$9(OLS)http://semarc/publisher/29628 LEADER 01146nam a2200265 i 4500 001 000000125396 003 CaOOAMICUS 005 20051123000000.0 008 051123s1998 it u000 u ita u 013 $a98097 020 $a88-8114-515-4 040 $aSeMil$bita 100 1 $aFrare, Pierantonio.$0(OLS)http://semarc/name/52101 245 10$aRetorica e verità, le tragedie di Emanuele Tesauro /$cPierantonio Frare. 260 $aNapoli :$bEdizioni Scientifiche Italiane,$ccopyr. 1998. 300 $a204 p. ;$c21 cm. 500 $aIn occhietto : Dedica autografa dell'Autore al Card. C.M. Martini. - Fondo Card. C.M. Martini. 650 4$aTesauro, Emanuele - Tragedie.$0(OLS)http://semarc/subject/24381 850 $aSeMil 852 $aSeMil$W1$xVenegono$y1$m1B V 90$j79852$B79852$CSeMilBibl$Z2$F106048 $81 941 1 $a4 961 $aOmaggio: Martini Card. Carlo Maria 996 $6020$a88-8114-515-4$9(OLS)http://semarc/number/111319 996 $6245$aRetorica e verità, le tragedie di Emanuele Tesauro$9(OLS)http://semarc/title/184666 996 $6260$aNapoli :$bEdizioni Scientifiche Italiane$9(OLS)http://semarc/publisher/30654